Noms comuns de les papallones diürnes (ropalòcers)catalanes (Registre núm. 66304)

MARC details
000 -LEADER
campo de control de longitud fija 01124aab a2200373a 44500
008 - DATOS DE LONGITUD FIJA--INFORMACIÓN GENERAL
campo de control de longitud fija 140430s2013 cat
041 ## - CÓDIGO DE IDIOMA
Código de lengua del texto/banda sonora o título independiente cat
100 ## - ENTRADA PRINCIPAL--NOMBRE DE PERSONA
Nombre de persona Arrizabalaga, Antoni
9 (RLIN) 64503
245 ## - MENCIÓN DEL TÍTULO
Título Noms comuns de les papallones diürnes (ropalòcers)catalanes
245 ## - MENCIÓN DEL TÍTULO
Mención de responsabilidad, etc. Antoni Arrizabalaga [et al.]
260 ## - PUBLICACIÓN, DISTRIBUCIÓN, ETC.
Fecha de publicación, distribución, etc. 2013
300 ## - DESCRIPCIÓN FÍSICA
Extensión p. 7-14
500 ## - NOTA GENERAL
Nota general Nom científic
500 ## - NOTA GENERAL
Nota general Referències bibliogràfiques
520 ## - RESUMEN, ETC.
Nombre de termes 214
592 ## - Tipus obra
Tipus d'obra Obra terminològica
593 ## - Codi CGAT
Codi de la CGAT DGG
650 ## - PUNTO DE ACCESO ADICIONAL DE MATERIA--TÉRMINO DE MATERIA
Término de materia o nombre geográfico como elemento de entrada papallones
9 (RLIN) 67074
700 ## - ENTRADA AGREGADA--NOMBRE PERSONAL
Nombre de persona Dantart, Jordi
9 (RLIN) 71319
700 ## - ENTRADA AGREGADA--NOMBRE PERSONAL
Nombre de persona Dinca, Vlad
9 (RLIN) 73836
700 ## - ENTRADA AGREGADA--NOMBRE PERSONAL
Nombre de persona Jubany, Jordi
9 (RLIN) 71320
700 ## - ENTRADA AGREGADA--NOMBRE PERSONAL
Nombre de persona Sesma, José Manuel
9 (RLIN) 73834
700 ## - ENTRADA AGREGADA--NOMBRE PERSONAL
Nombre de persona Stefanescu, Constantí
9 (RLIN) 73832
700 ## - ENTRADA AGREGADA--NOMBRE PERSONAL
Nombre de persona Vallhonrat, Francesc
9 (RLIN) 72838
700 ## - ENTRADA AGREGADA--NOMBRE PERSONAL
Nombre de persona Viader, Santi
9 (RLIN) 73835
700 ## - ENTRADA AGREGADA--NOMBRE PERSONAL
Nombre de persona Vila, Roger
9 (RLIN) 73833
773 ## - ASIENTO DE ITEM FUENTE
Parte(s) relacionada(s) (<2013>), núm 104
773 ## - ASIENTO DE ITEM FUENTE
Título Butlletí de la Societat Catalana de Lepidopterologia
901 ## - ELEMENTOS DE DATOS A LOCAL LDA (RLIN)
c (<2013>)
902 ## - ELEMENTOS DE DATOS B LOCAL, LDB (RLIN)
a 140430
942 ## - ELEMENTOS DE ENTRADA SECUNDARIOS (KOHA)
Tipo de ítem Koha Article de revista
Suprimir en OPAC No
Fons
Estatus retirado Estado de pérdida Estado de daño No para préstamo Biblioteca de origen Biblioteca actual Fecha de adquisición Total de préstamos Signatura topográfica completa Código de barras Visto por última vez Precio de reemplazo Tipo de ítem Koha
        TERMCAT TERMCAT 30/04/2014   Hemeroteca | Biblioteca electrònica 15379 30/09/2021 30/09/2021 AS

Implantat amb Koha